Top 15 smallest countries - Statistics

General Stats
  • This quiz has been taken 12 times
  • The average score is 6 of 15
Answers on the Grid
Answers color-coded by a green-red scale on the quiz's grid according to % correct below.
Cambodia
United Kingdom
Cuba
Tuvalu
Micronesia
Luxembourg
Vatican city
San-Marino
Kosovo
El Salvador
Nauru
Monaco
Ecuador
Saint Kitts and Nevis
Guyana
Marshall islands
Grenada
D. R. Congo
Cape Verde
Barbados
Maldives
Brunei
Malta
Seychelles
East Timor
Togo
Antigua and Barbuda
Saint Vincent and Grenadines
Costa Rica
Liechtenstein
 
Answer Stats
Answer % Correct
San-Marino
83%
Monaco
67%
Nauru
67%
Vatican city
67%
Grenada
50%
Saint Kitts and Nevis
50%
Tuvalu
50%
Liechtenstein
33%
Maldives
33%
Antigua and Barbuda
17%
Barbados
17%
Malta
17%
Marshall islands
17%
Saint Vincent and Grenadines
17%
Seychelles
17%
No matching quizzes found
Score Distribution
Percent of People with Each Score
Percentile by Number Answered
Your Score History
You have not taken this quiz